<?xml version="1.0" encoding="UTF-8"?>
<record
    xmlns:xsi="http://www.w3.org/2001/XMLSchema-instance"
    xsi:schemaLocation="http://www.loc.gov/MARC21/slim http://www.loc.gov/standards/marcxml/schema/MARC21slim.xsd"
    xmlns="http://www.loc.gov/MARC21/slim">

  <leader>00974nam a22002297a 4500</leader>
  <datafield tag="952" ind1=" " ind2=" ">
    <subfield code="0">0</subfield>
    <subfield code="1">0</subfield>
    <subfield code="2">ddc</subfield>
    <subfield code="4">0</subfield>
    <subfield code="7">0</subfield>
    <subfield code="8">NFIC</subfield>
    <subfield code="a">ASL</subfield>
    <subfield code="b">ASL</subfield>
    <subfield code="c">GEN</subfield>
    <subfield code="d">2021-10-07</subfield>
    <subfield code="e">Donated by Prof. (Dr.) M. Abdul Qayyum &amp; Dr. Razia Sultana</subfield>
    <subfield code="l">0</subfield>
    <subfield code="o">928.9144 ZAR</subfield>
    <subfield code="p">112286</subfield>
    <subfield code="r">2021-10-07 00:00:00</subfield>
    <subfield code="t">C-1</subfield>
    <subfield code="w">2021-10-07</subfield>
    <subfield code="y">BK</subfield>
  </datafield>
  <datafield tag="999" ind1=" " ind2=" ">
    <subfield code="c">26274</subfield>
    <subfield code="d">26274</subfield>
  </datafield>
  <controlfield tag="003">BDDh-ASL</controlfield>
  <controlfield tag="005">20231016062613.0</controlfield>
  <controlfield tag="008">211002s1987    b  ||||| |||| 00| 0 b   d</controlfield>
  <datafield tag="040" ind1=" " ind2=" ">
    <subfield code="c">BDDh-ASL</subfield>
  </datafield>
  <datafield tag="082" ind1=" " ind2=" ">
    <subfield code="a">928.9144</subfield>
    <subfield code="b">ZAR</subfield>
  </datafield>
  <datafield tag="100" ind1="1" ind2=" ">
    <subfield code="9">2145</subfield>
    <subfield code="a">&#x99C;&#x9BE;&#x9AE;&#x9BE;&#x9A8;, &#x9B2;&#x9BE;&#x9AF;&#x9BC;&#x9B2;&#x9BE;</subfield>
  </datafield>
  <datafield tag="245" ind1="1" ind2="0">
    <subfield code="a">&#x9B0;&#x9CB;&#x995;&#x9C7;&#x9AF;&#x9BC;&#x9BE; &#x9B8;&#x9BE;&#x996;&#x9BE;&#x993;&#x9AF;&#x9BC;&#x9BE;&#x9A4; &#x9B9;&#x9CB;&#x9B8;&#x9C7;&#x9A8; &#x9E7;&#x9EE;&#x9EE;&#x9E6;-&#x9E7;&#x9EF;&#x9E9;&#x9E8; /</subfield>
  </datafield>
  <datafield tag="246" ind1=" " ind2=" ">
    <subfield code="a">Rokeya Sakhawat Hossain</subfield>
  </datafield>
  <datafield tag="260" ind1=" " ind2=" ">
    <subfield code="a">&#x9A2;&#x9BE;&#x995;&#x9BE;: </subfield>
    <subfield code="b">&#x9AC;&#x9BE;&#x982;&#x9B2;&#x9BE; &#x98F;&#x995;&#x9BE;&#x9A1;&#x9C7;&#x9AE;&#x9BF;,</subfield>
    <subfield code="c">&#x9E7;&#x9EF;&#x9EE;&#x9ED;&#x964; </subfield>
  </datafield>
  <datafield tag="300" ind1=" " ind2=" ">
    <subfield code="a">&#x9EC;&#x9E7; &#x9AA;&#x9C3;&#x9B7;&#x9CD;&#x9A0;&#x9BE;, : </subfield>
    <subfield code="c">&#x9E8;&#x9E8; &#x9B8;&#x9C7;. &#x9AE;&#x9BF;. </subfield>
  </datafield>
  <datafield tag="440" ind1=" " ind2=" ">
    <subfield code="9">4691</subfield>
    <subfield code="a">&#x99C;&#x9C0;&#x9AC;&#x9A8;&#x9C0; &#x997;&#x9CD;&#x9B0;&#x9A8;&#x9CD;&#x9A5;&#x9AE;&#x9BE;&#x9B2;&#x9BE; </subfield>
  </datafield>
  <datafield tag="504" ind1=" " ind2=" ">
    <subfield code="a">&#x997;&#x9CD;&#x9B0;&#x9A8;&#x9CD;&#x9A5;&#x9AA;&#x99E;&#x9CD;&#x99C;&#x9BF; &#x9B8;&#x982;&#x9AF;&#x9C1;&#x995;&#x9CD;&#x9A4; &#x964;</subfield>
  </datafield>
  <datafield tag="600" ind1="1" ind2="0">
    <subfield code="9">2200</subfield>
    <subfield code="a">&#x9B9;&#x9CB;&#x9B8;&#x9C7;&#x9A8;, &#x9B0;&#x9CB;&#x995;&#x9C7;&#x9AF;&#x9BC;&#x9BE; &#x9B8;&#x9BE;&#x996;&#x9BE;&#x993;&#x9AF;&#x9BC;&#x9BE;&#x9A4;</subfield>
    <subfield code="y">&#x9E7;&#x9EE;&#x9EE;&#x9E6;-&#x9E7;&#x9EF;&#x9E9;&#x9E8;</subfield>
  </datafield>
  <datafield tag="650" ind1=" " ind2="0">
    <subfield code="9">2694</subfield>
    <subfield code="a">Essay</subfield>
  </datafield>
  <datafield tag="650" ind1=" " ind2="0">
    <subfield code="a">biographical dictionary - &#x99A;&#x9B0;&#x9BF;&#x9A4;&#x9BE;&#x9AD;&#x9BF;&#x9A7;&#x9BE;&#x9A8;</subfield>
    <subfield code="9">4665</subfield>
  </datafield>
  <datafield tag="942" ind1=" " ind2=" ">
    <subfield code="2">ddc</subfield>
    <subfield code="c">BK</subfield>
  </datafield>
</record>
